000 00284nam a2200133Ia 4500
100 _a#N/A
650 _aComputers
942 _cBK
654 _aAUTOCAD-MECH.ENGG.
245 _aMASTERING AUTOCAD 14 FOR MECHANICAL ENGG.
260 _bBPB Publ.
082 _bOMU
546 _aENGLISH
999 _c33111
_d33111